[Event "XII Festival A"]
[Site "Amantea ITA"]
[Date "2014.09.11"]
[Round "5"]
[White "Vovk, Andrey"]
[Black "David, Alberto"]
[WhiteElo "2625"]
[BlackElo "2548"]
[Result "0-1"]
[PlyCount "78"]
[EventDate "2014.09.07"]

1. e4 c5 2. Nf3 e6 3. d4 cxd4 4. Nxd4 Nc6 5. Nc3 Qc7 6. Be3 a6 7. Qd2 Nf6 8. f3
Bb4 9. O-O-O Ne5 10. Nb3 b5 11. Qf2 O-O 12. Bb6 Qb8 13. Bc5 Bxc5 14. Qxc5 d5
15. exd5 b4 16. dxe6 bxc3 17. exf7+ Nxf7 18. Qxc3 Be6 19. Kb1 Rc8 20. Qa5 Ne5
21. Nd4 Nd5 22. Rd2 Bf7 23. Ka1 Ne3 24. b3 Qd6 25. Kb1 Rc5 26. Qa3 a5 27. Bd3
Rb8 28. Ne6 Nxd3 29. Rxd3 Nxc2 30. Qxc5 Qxd3 31. Nf4 Na3+ 32. Ka1 Qd2 33. Qxa3
Qxf4 34. Rd1 Qe5+ 35. Qb2 Qxh2 36. Qc3 Qxg2 37. Qxa5 Re8 38. Qc3 h6 39. a4 Re2
0-1

[Event "XII Festival A"]
[Site "Amantea ITA"]
[Date "2014.09.11"]
[Round "6"]
[White "Bruno, Fabio"]
[Black "Bove, Alessandro"]
[WhiteElo "2436"]
[BlackElo "2302"]
[Result "1/2-1/2"]
[PlyCount "35"]
[EventDate "2014.09.07"]

1. d4 Nf6 2. Nf3 g6 3. c4 Bg7 4. Nc3 O-O 5. e4 d6 6. Be2 e5 7. O-O exd4 8. Nxd4
Re8 9. f3 c6 10. Kh1 Nbd7 11. Be3 d5 12. cxd5 Nxd5 13. Nxd5 cxd5 14. Nb5 Nb6
15. Bd4 Bxd4 16. Qxd4 a6 17. Nc3 dxe4 18. Qxd8 1/2-1/2

[Event "XII Festival A"]
[Site "Amantea ITA"]
[Date "2014.09.11"]
[Round "6"]
[White "Draskovic, Luka"]
[Black "Valsecchi, Alessio"]
[WhiteElo "2337"]
[BlackElo "2438"]
[Result "1/2-1/2"]
[PlyCount "156"]
[EventDate "2014.09.07"]

1. e4 c5 2. Nf3 d6 3. d4 cxd4 4. Nxd4 Nf6 5. f3 g6 6. c4 Nc6 7. Nc3 Nxd4 8.
Qxd4 Bg7 9. Be3 O-O 10. Qd2 Qa5 11. Rc1 Be6 12. b3 Nd7 13. Be2 f5 14. exf5 gxf5
15. O-O f4 16. Nd5 Qxd2 17. Bxd2 Bxd5 18. cxd5 Bd4+ 19. Kh1 Bb6 20. Bd3 Ne5 21.
Be4 a5 22. g3 fxg3 23. hxg3 a4 24. b4 Rac8 25. Bh6 Rfe8 26. Kg2 Rc4 27. Rxc4
Nxc4 28. Re1 Bd4 29. Bf5 Bf6 30. Be6+ Kh8 31. Bd7 Ra8 32. Rc1 Ne5 33. Bf5 b5
34. Rc7 Rb8 35. g4 Nf7 36. Be3 h5 37. Bg6 Ne5 38. Bxh5 Nc4 39. Bc1 a3 40. Bf7
Kg7 41. Be6 Rh8 42. Bf4 Kg6 43. Bf5+ Kf7 44. g5 Be5 45. Bxe5 dxe5 46. Be6+ Kg6
47. Rxe7 Kxg5 48. Kg3 Rh1 49. Bd7 Rg1+ 50. Kf2 Ra1 51. Bxb5 Nd6 52. Be2 Rxa2
53. Rxe5+ Kf4 54. Re6 Nb5 55. Re4+ Kf5 56. Kg3 Nc3 57. Bc4 Rb2 58. Re6 a2 59.
Bd3+ Kg5 60. f4+ Kh5 61. Re1 Ne2+ 62. Bxe2+ Rxe2 63. Ra1 Kg6 64. Kf3 Rb2 65.
Ke4 Kf6 66. Kd4 Rxb4+ 67. Kc5 Rb2 68. Kd6 Kf5 69. Kc7 Rc2+ 70. Kd7 Kxf4 71. d6
Kf5 72. Kd8 Ke6 73. d7 Rd2 74. Re1+ Kf7 75. Rf1+ Ke6 76. Re1+ Kf7 77. Kc7 Rc2+
78. Kd6 Rd2+ 1/2-1/2

[Event "XII Festival A"]
[Site "Amantea ITA"]
[Date "2014.09.11"]
[Round "6"]
[White "Estremera Panos, Sergio"]
[Black "Vovk, Andrey"]
[WhiteElo "2366"]
[BlackElo "2625"]
[Result "0-1"]
[PlyCount "82"]
[EventDate "2014.09.07"]

1. d4 Nf6 2. c4 g6 3. Nc3 Bg7 4. e4 d6 5. Nf3 O-O 6. Be2 e5 7. O-O Nc6 8. d5
Ne7 9. Ne1 Nd7 10. Nd3 f5 11. Bd2 Nf6 12. f3 f4 13. c5 g5 14. Rc1 Ng6 15. Nb5
Rf7 16. Ba5 b6 17. cxd6 cxd6 18. Bb4 Bf8 19. Rc6 Ne8 20. a4 a6 21. Na3 Bd7 22.
Rc1 h5 23. Be1 a5 24. Nc4 Nf6 25. Bf2 Rb8 26. b4 g4 27. Kh1 g3 28. hxg3 fxg3
29. Bxg3 h4 30. Bh2 Nh5 31. Qe1 axb4 32. f4 Nhxf4 33. Nxf4 Nxf4 34. Bxf4 exf4
35. e5 h3 36. Rg1 Rh7 37. g3 h2 38. Rg2 Bh3 39. Rxh2 Qg5 40. gxf4 Qxf4 41. Qg1+
Kh8 0-1

[Event "XII Festival A"]
[Site "Amantea ITA"]
[Date "2014.09.11"]
[Round "6"]
[White "Horvath, Jozsef"]
[Black "Sveshnikov, Evgeny E."]
[WhiteElo "2514"]
[BlackElo "2502"]
[Result "1/2-1/2"]
[PlyCount "20"]
[EventDate "2014.09.07"]

1. e4 c5 2. Nc3 Nc6 3. g3 g6 4. Bg2 Bg7 5. d3 d6 6. Be3 Nf6 7. h3 O-O 8. f4 e5
9. fxe5 Nxe5 10. Nge2 b5 1/2-1/2

[Event "XII Festival A"]
[Site "Amantea ITA"]
[Date "2014.09.11"]
[Round "6"]
[White "Marzaduri, Riccardo"]
[Black "Sveshnikov, Vladimir"]
[WhiteElo "2018"]
[BlackElo "2380"]
[Result "1/2-1/2"]
[PlyCount "75"]
[EventDate "2014.09.07"]

1. e4 Nf6 2. e5 Nd5 3. d4 d6 4. Nf3 dxe5 5. Nxe5 c6 6. Bc4 g6 7. Nc3 Bg7 8. O-O
O-O 9. Ne4 Bf5 10. Ng3 Be6 11. Bb3 Nd7 12. f4 f5 13. Nf3 Kh8 14. c3 Bg8 15. h4
h5 16. Qe2 e6 17. Ng5 N7f6 18. Nh1 Qd6 19. g3 Ng4 20. Nf2 Nxf2 21. Qxf2 b5 22.
Bxd5 Qxd5 23. Be3 a5 24. Qg2 Qxg2+ 25. Kxg2 Rfb8 26. Nf3 Bf7 27. Ne5 Be8 28.
Rfe1 Kg8 29. Re2 Rd8 30. Nd3 Bf8 31. Rae1 c5 32. Nxc5 Bc6+ 33. Kf2 Bxc5 34.
dxc5 Rd3 35. Rd2 Rad8 36. Red1 Rxd2+ 37. Rxd2 Bd5 38. a3 1/2-1/2

[Event "XII Festival A"]
[Site "Amantea ITA"]
[Date "2014.09.11"]
[Round "6"]
[White "Ochsner, Bjorn Moller"]
[Black "Collutiis, Duilio"]
[WhiteElo "2336"]
[BlackElo "2476"]
[Result "0-1"]
[PlyCount "78"]
[EventDate "2014.09.07"]

1. e4 c5 2. Nf3 Nc6 3. d4 cxd4 4. Nxd4 Qc7 5. Nc3 e6 6. Be3 a6 7. Qd2 Nf6 8.
O-O-O Bb4 9. f3 O-O 10. g4 b5 11. g5 Ne8 12. Nxc6 Qxc6 13. h4 Be7 14. h5 Nd6
15. g6 b4 16. h6 fxg6 17. hxg7 Rxf3 18. Bd4 Nf7 19. Rxh7 Kxh7 20. Qh2+ Kg8 21.
Qh8+ Nxh8 22. gxh8=Q+ Kf7 23. Be2 Rf4 24. Rh1 Bf8 25. Qh7+ Ke8 26. Qxg6+ Kd8
27. Qg5+ Kc7 28. Qxf4+ Bd6 29. Qf1 bxc3 30. e5 Bc5 31. Bf3 Qb6 32. Bxc3 Bb7 33.
Qe1 Be3+ 34. Kb1 Bxf3 35. Ba5 Bxh1 36. b4 Qxa5 37. Qc3+ Bc6 38. bxa5 Rb8+ 39.
Ka1 Bc1 0-1

[Event "XII Festival A"]
[Site "Amantea ITA"]
[Date "2014.09.11"]
[Round "6"]
[White "Rasmussen, Allan Stig"]
[Black "Farago, Ivan"]
[WhiteElo "2517"]
[BlackElo "2428"]
[Result "1-0"]
[PlyCount "59"]
[EventDate "2014.09.07"]

1. Nf3 d5 2. c4 d4 3. b4 f6 4. e3 e5 5. c5 a5 6. Qa4+ Bd7 7. b5 Bxc5 8. Bc4 Nh6
9. exd4 exd4 10. O-O Nf5 11. Re1+ Kf8 12. Ba3 Na6 13. Nxd4 Nb4 14. Nb3 b6 15.
Nxc5 bxc5 16. Nc3 g6 17. Ne4 Nd6 18. Nxc5 Nxc4 19. Nxd7+ Qxd7 20. Bxb4+ Nd6 21.
Bc3 Kg7 22. Qd4 Rhf8 23. a4 Rf7 24. Qd5 Qd8 25. g4 h6 26. Re6 Qf8 27. Rae1 Kh7
28. b6 Rc8 29. bxc7 Ne8 30. Rxe8 1-0

[Event "XII Festival A"]
[Site "Amantea ITA"]
[Date "2014.09.11"]
[Round "6"]
[White "Sardo, Gabriele"]
[Black "Sanchez Enriquez, Oscar Gerardo"]
[WhiteElo "2229"]
[BlackElo "2383"]
[Result "1/2-1/2"]
[PlyCount "137"]
[EventDate "2014.09.07"]

1. d4 Nf6 2. c4 e6 3. Nf3 Bb4+ 4. Bd2 Qe7 5. g3 Nc6 6. Bg2 Bxd2+ 7. Nbxd2 d6 8.
O-O a5 9. e4 e5 10. d5 Nb8 11. Ne1 O-O 12. Nd3 Na6 13. Qc2 Bd7 14. f4 b6 15.
Qc3 Rfe8 16. Rae1 Nb4 17. Nc1 c6 18. a3 Na6 19. Nd3 Nc5 20. Nxc5 bxc5 21. Nf3
Ng4 22. h3 Nh6 23. fxe5 dxe5 24. Rd1 cxd5 25. cxd5 Qd6 26. Rc1 Bb5 27. Rf2 c4
28. g4 f6 29. g5 fxg5 30. Nxg5 Rf8 31. Rcf1 Rxf2 32. Rxf2 Bd7 33. Nf3 Nf7 34.
Kh2 Qf6 35. Qe3 Rc8 36. Nd2 Qe7 37. Nb1 Nd6 38. Nc3 Be8 39. Bf3 Bd7 40. Bd1 Rf8
41. Be2 h6 42. Rxf8+ Qxf8 43. Kg2 Qf6 44. Qg3 Be8 45. Qf2 Qg5+ 46. Qg3 Qf6 47.
Qf2 Qe7 48. Qg3 Kh7 49. h4 Qf6 50. Bf3 Bf7 51. Qg4 Qe7 52. Qg3 Bg6 53. Qf2 Qc7
54. Kg3 Be8 55. Bg4 Bd7 56. Bxd7 Qxd7 57. Qb6 h5 58. Kf2 Qe7 59. Ke2 Qf6 60.
Qc6 Qg6 61. Kd1 Qg4+ 62. Kc1 Qf4+ 63. Kc2 Nxe4 64. Qxc4 Qd2+ 65. Kb3 Nf2 66.
Qe2 Qd4 67. Qxh5+ Kg8 68. Qe8+ Kh7 69. Qh5+ 1/2-1/2

[Event "XII Festival A"]
[Site "Amantea ITA"]
[Date "2014.09.11"]
[Round "6"]
[White "Sharma, Dinesh K."]
[Black "Drasko, Milan"]
[WhiteElo "2359"]
[BlackElo "2434"]
[Result "1-0"]
[PlyCount "51"]
[EventDate "2014.09.07"]

1. e4 e6 2. d4 d5 3. Nc3 Bb4 4. e5 Ne7 5. a3 Bxc3+ 6. bxc3 c5 7. Qg4 Kf8 8. a4
Qc7 9. Nf3 b6 10. Ba3 h6 11. Bd3 Ba6 12. O-O Bxd3 13. cxd3 Nd7 14. c4 Kg8 15.
dxc5 bxc5 16. d4 dxc4 17. Rfc1 Qa5 18. dxc5 Nc6 19. Qxc4 Qc7 20. Qe4 Rb8 21. h3
g6 22. Rd1 Kg7 23. Rd6 Na5 24. Rad1 Nxc5 25. Qf4 Rhf8 26. Bc1 1-0

[Event "XII Festival A"]
[Site "Amantea ITA"]
[Date "2014.09.11"]
[Round "6"]
[White "Solomon, Kenny"]
[Black "Delorme, Axel"]
[WhiteElo "2378"]
[BlackElo "2505"]
[Result "0-1"]
[PlyCount "74"]
[EventDate "2014.09.07"]

1. d4 d5 2. Nf3 e6 3. c4 a6 4. cxd5 exd5 5. Nc3 c6 6. g3 Nf6 7. Bg2 Bf5 8. Qb3
Ra7 9. O-O Be7 10. Nh4 Be6 11. f4 O-O 12. f5 Bc8 13. Bf4 Ra8 14. Na4 Nbd7 15.
Nf3 Ne4 16. Ne5 Nxe5 17. Bxe4 Nc4 18. Bd3 Bf6 19. Kh1 Bxd4 20. Rad1 b5 21. Nc3
Ne3 22. Bxe3 Bxe3 23. Rf3 Qb6 24. h3 Bb7 25. Kh2 d4 26. f6 dxc3 27. fxg7 Kxg7
28. Rdf1 f6 29. Qe6 Bg5 30. h4 Bc8 31. Qe4 f5 32. Qe5+ Bf6 33. Qd6 Qd4 34. Qxc6
Bd7 35. Qb7 Ra7 36. bxc3 Rxb7 37. cxd4 Bxd4 0-1

[Event "XII Festival A"]
[Site "Amantea ITA"]
[Date "2014.09.11"]
[Round "6"]
[White "Sumets, Andrey"]
[Black "Horvath, Csaba"]
[WhiteElo "2618"]
[BlackElo "2537"]
[Result "1-0"]
[PlyCount "75"]
[EventDate "2014.09.07"]

1. d4 Nf6 2. c4 e6 3. Nf3 d5 4. g3 Be7 5. Bg2 O-O 6. O-O c6 7. Bf4 Nbd7 8. Nc3
Nh5 9. Bc1 Nhf6 10. Nd2 a5 11. e4 dxc4 12. Nxc4 b5 13. Ne3 b4 14. Na4 Ba6 15.
Re1 Rc8 16. b3 Bb5 17. Nb2 e5 18. Nf5 Re8 19. Nc4 Bxc4 20. bxc4 exd4 21. e5 Bc5
22. exf6 Qxf6 23. Bh3 Rxe1+ 24. Qxe1 Ne5 25. Qe4 Rd8 26. Bg5 Qxg5 27. Qxe5 Bf8
28. f4 Qg6 29. Re1 Qe6 30. Qxe6 fxe6 31. Nh4 a4 32. Bxe6+ Kh8 33. Nf3 b3 34.
axb3 a3 35. Ne5 Ra8 36. Ra1 Bb4 37. Nd3 Bc3 38. Ra2 1-0

[Event "XII Festival A"]
[Site "Amantea ITA"]
[Date "2014.09.12"]
[Round "7"]
[White "Bove, Alessandro"]
[Black "Draskovic, Luka"]
[WhiteElo "2302"]
[BlackElo "2337"]
[Result "1/2-1/2"]
[PlyCount "22"]
[EventDate "2014.09.07"]

1. e4 d6 2. d4 Nf6 3. Nc3 e5 4. Nf3 exd4 5. Nxd4 Be7 6. Bc4 O-O 7. O-O c6 8. a4
Nxe4 9. Nxe4 d5 10. Bd3 dxe4 11. Bxe4 Bf6 1/2-1/2

[Event "XII Festival A"]
[Site "Amantea ITA"]
[Date "2014.09.12"]
[Round "7"]
[White "Collutiis, Duilio"]
[Black "Rasmussen, Allan Stig"]
[WhiteElo "2476"]
[BlackElo "2517"]
[Result "1/2-1/2"]
[PlyCount "77"]
[EventDate "2014.09.07"]

1. e4 e6 2. d4 d5 3. Nd2 Nc6 4. Ngf3 Nf6 5. e5 Nd7 6. Be2 f6 7. exf6 Qxf6 8.
Nf1 b6 9. Ne3 Bb7 10. O-O O-O-O 11. Bb5 Bd6 12. Re1 h5 13. c4 a6 14. Bxc6 Bxc6
15. cxd5 exd5 16. Qc2 Rde8 17. Nf5 Rxe1+ 18. Nxe1 Kb7 19. Nf3 Rf8 20. Nxd6+
Qxd6 21. Bg5 Nf6 22. Ne5 Be8 23. f3 Nd7 24. Re1 Nxe5 25. Rxe5 Bg6 26. Qd2 Re8
27. Bf4 Qd7 28. Qe3 Rxe5 29. Qxe5 Bf5 30. b4 g6 31. h4 Bd3 32. Kh2 Qf7 33. Kg3
Kc6 34. a3 Bf5 35. Qh8 Kb7 36. Be5 Qd7 37. Qg8 Qc6 38. Qf7 Bd3 39. Kh2 1/2-1/2

[Event "XII Festival A"]
[Site "Amantea ITA"]
[Date "2014.09.12"]
[Round "7"]
[White "Delorme, Axel"]
[Black "Estremera Panos, Sergio"]
[WhiteElo "2505"]
[BlackElo "2366"]
[Result "1-0"]
[PlyCount "151"]
[EventDate "2014.09.07"]

1. d4 Nf6 2. g3 e6 3. Bg2 c5 4. Nf3 cxd4 5. Nxd4 d5 6. O-O e5 7. Nb3 Nc6 8. Bg5
Be6 9. Bxf6 gxf6 10. e3 a5 11. a4 h5 12. Nc3 Nb4 13. Qe2 Qb6 14. Rfd1 O-O-O 15.
Qb5 Qxb5 16. Nxb5 Nc6 17. Nc3 e4 18. h4 f5 19. Ne2 b6 20. Nbd4 Nxd4 21. Nxd4
Bg7 22. Bh3 Kb7 23. c3 Bxd4 24. Rxd4 Rc8 25. Bf1 Rc5 26. Be2 Kc7 27. Kf1 Kd6
28. Ke1 Ke5 29. Kd2 Rc6 30. Kc2 f6 31. Kb3 Bf7 32. Rad1 Rhc8 33. Ka3 Rc5 34.
R1d2 Rg8 35. Bb5 Rgc8 36. Be2 Rg8 37. Rc2 Rgc8 38. Ka2 R8c7 39. Kb1 Rc8 40. Kc1
R8c7 41. Kd2 Rc8 42. Rc1 R5c7 43. Ra1 Rc5 44. Ra3 Rb8 45. Kc2 Rc7 46. Rd1 Be8
47. Kd2 Rbc8 48. Rb1 Rc5 49. b4 R5c7 50. bxa5 bxa5 51. Rb6 Ra8 52. Bb5 Bxb5 53.
Rxb5 Ra6 54. Rb8 Rc4 55. Kc2 Ke6 56. Rh8 Rb6 57. Rxh5 Rbb4 58. Rh7 Rxa4 59.
Rxa4 Rxa4 60. Kb2 Rc4 61. Ra7 a4 62. h5 Rc8 63. h6 a3+ 64. Kc2 Rb8 65. h7 f4
66. exf4 Kf5 67. Rxa3 Kg4 68. Ra1 Kf3 69. Rh1 Rh8 70. Rh2 e3 71. fxe3 Kxe3 72.
Rh6 f5 73. Rh5 Kf3 74. Rxf5 Kxg3 75. Rf7 Kf3 76. Kd3 1-0

[Event "XII Festival A"]
[Site "Amantea ITA"]
[Date "2014.09.12"]
[Round "7"]
[White "Farago, Ivan"]
[Black "Calzetta Ruiz, Monica"]
[WhiteElo "2428"]
[BlackElo "2227"]
[Result "1-0"]
[PlyCount "102"]
[EventDate "2014.09.07"]

1. d4 Nf6 2. c4 c5 3. d5 b5 4. cxb5 a6 5. e3 e6 6. Nc3 exd5 7. Nge2 Bb7 8. Nf4
axb5 9. Bxb5 Bd6 10. Nfxd5 Nxd5 11. Nxd5 Qa5+ 12. Nc3 Be5 13. a4 Bxg2 14. Rg1
Bc6 15. Bd2 Qb6 16. Rg5 Bf6 17. Nd5 Bxd5 18. Rxd5 O-O 19. Qc2 Na6 20. Rd1 Nc7
21. Rxc5 Nxb5 22. Rxb5 Qe6 23. b3 Qg4 24. Qf5 Qg1+ 25. Ke2 Qxh2 26. Qf3 Rac8
27. Rh1 Qd6 28. Qe4 h6 29. Bb4 Qc6 30. Qxc6 dxc6 31. Rc5 Be7 32. Rc4 c5 33. Bc3
f5 34. Rd1 Rb8 35. Rb1 Rb7 36. a5 Rfb8 37. Be5 Ra8 38. Ra4 Ra6 39. Kd3 Bd8 40.
Bc3 Kf7 41. Kc4 Re6 42. a6 Re4+ 43. Bd4 Ra7 44. Kxc5 Ra8 45. a7 Bh4 46. f3 Ree8
47. Kb5 Bf6 48. Bb6 g5 49. Ka6 h5 50. Kb7 Be5 51. Ra5 Ke6 1-0

[Event "XII Festival A"]
[Site "Amantea ITA"]
[Date "2014.09.12"]
[Round "7"]
[White "Harshal, Shahi"]
[Black "Bruno, Fabio"]
[WhiteElo "2185"]
[BlackElo "2436"]
[Result "0-1"]
[PlyCount "94"]
[EventDate "2014.09.07"]

1. e4 c5 2. Nf3 e6 3. d4 cxd4 4. Nxd4 a6 5. Bd3 Qb6 6. Nb3 Qc7 7. Nc3 Nf6 8. f4
d6 9. Be3 Nbd7 10. Qf3 b5 11. g4 h6 12. g5 h5 13. h4 Ng4 14. Bd2 Bb7 15. Ne2
Rc8 16. Ba5 Qb8 17. g6 fxg6 18. Ned4 Kf7 19. Rg1 Be7 20. O-O-O Bf6 21. Rxg4
hxg4 22. Qxg4 Nf8 23. e5 dxe5 24. Bxg6+ Kg8 25. Nxe6 Rxh4 26. Qf5 Nxg6 27. Qxg6
Rh6 28. Qg4 exf4 29. Nbc5 Qe5 30. Bc3 Qe3+ 31. Bd2 Bf3 32. Qf5 Qe5 33. Qxe5
Bxe5 34. Rf1 Rh1 35. Rxh1 Bxh1 36. Nd3 f3 37. Be3 Bd6 38. Nd4 Re8 39. Kd2 Bg2
40. Nf2 g6 41. Ng4 Kf7 42. Nh6+ Kg7 43. Ng4 Bc5 44. c3 Bh3 45. Nf2 Bd7 46. Nd1
Bxd4 47. cxd4 Kf6 0-1

[Event "XII Festival A"]
[Site "Amantea ITA"]
[Date "2014.09.12"]
[Round "7"]
[White "Horvath, Csaba"]
[Black "Horvath, Jozsef"]
[WhiteElo "2537"]
[BlackElo "2514"]
[Result "1/2-1/2"]
[PlyCount "61"]
[EventDate "2014.09.07"]

1. e4 c5 2. Nf3 Nc6 3. d4 cxd4 4. Nxd4 Nf6 5. Nc3 e6 6. Ndb5 d6 7. Bf4 e5 8.
Bg5 a6 9. Na3 b5 10. Nd5 Be7 11. Bxf6 Bxf6 12. c3 Bg5 13. Nc2 Ne7 14. Ncb4 O-O
15. Be2 a5 16. Nxe7+ Qxe7 17. Nd5 Qb7 18. Qd3 b4 19. h4 Bd8 20. g3 Be6 21. Rd1
bxc3 22. bxc3 Bb6 23. Nxb6 Qxb6 24. Qxd6 Qxd6 25. Rxd6 Bxa2 26. Kd2 a4 27. Ra1
Bb3 28. Bb5 Rfd8 29. Rxd8+ Rxd8+ 30. Ke3 Kf8 31. c4 1/2-1/2

[Event "XII Festival A"]
[Site "Amantea ITA"]
[Date "2014.09.12"]
[Round "7"]
[White "Libiszewski, Fabien"]
[Black "Sumets, Andrey"]
[WhiteElo "2531"]
[BlackElo "2618"]
[Result "0-1"]
[PlyCount "48"]
[EventDate "2014.09.07"]

1. e4 c6 2. Nc3 d5 3. Nf3 Bg4 4. h3 Bxf3 5. Qxf3 e6 6. d4 Nf6 7. Bd3 dxe4 8.
Nxe4 Nxe4 9. Qxe4 Nd7 10. O-O Nf6 11. Qe3 Bd6 12. Rd1 O-O 13. Be2 Re8 14. Qb3
Qc7 15. Bf3 h6 16. c4 e5 17. dxe5 Bxe5 18. Be3 Nh7 19. Bg4 Nf6 20. Bf3 Nd7 21.
Rd2 Re7 22. Qa3 Rae8 23. Qxa7 Bf4 24. Rad1 Rxe3 0-1

[Event "XII Festival A"]
[Site "Amantea ITA"]
[Date "2014.09.12"]
[Round "7"]
[White "Sanchez Enriquez, Oscar Gerardo"]
[Black "Marzaduri, Riccardo"]
[WhiteElo "2383"]
[BlackElo "2018"]
[Result "0-1"]
[PlyCount "64"]
[EventDate "2014.09.07"]

1. e4 e6 2. Bb5 a6 3. Ba4 b5 4. Bb3 Bb7 5. d3 c5 6. Qe2 Nf6 7. Nf3 c4 8. dxc4
Nxe4 9. O-O b4 10. c3 bxc3 11. Bc2 cxb2 12. Bxb2 Nf6 13. Nbd2 Be7 14. Rab1 Qc7
15. c5 Bxc5 16. Rfc1 d6 17. Ng5 Bd5 18. Bxf6 gxf6 19. Be4 Qc6 20. Bxd5 Qxd5 21.
Nde4 Nd7 22. Rxc5 dxc5 23. Rd1 Qc6 24. Nd6+ Ke7 25. Nf5+ Kf8 26. Rd6 Qb7 27.
Qh5 fxg5 28. Qh6+ Ke8 29. Rxe6+ Kd8 30. Qxg5+ f6 31. Qc1 Qd5 32. Ng7 Rg8 0-1

[Event "XII Festival A"]
[Site "Amantea ITA"]
[Date "2014.09.12"]
[Round "7"]
[White "Sveshnikov, Vladimir"]
[Black "Pisacane, Pietro"]
[WhiteElo "2380"]
[BlackElo "2094"]
[Result "1-0"]
[PlyCount "91"]
[EventDate "2014.09.07"]

1. e4 e6 2. d4 d5 3. Nd2 Nf6 4. e5 Nfd7 5. c3 c5 6. Bd3 Nc6 7. Ne2 cxd4 8. cxd4
f6 9. exf6 Nxf6 10. O-O Bd6 11. Nf3 Qc7 12. Ng3 O-O 13. Bg5 e5 14. dxe5 Nxe5
15. Rc1 Qf7 16. Be2 Nfd7 17. Be3 Nxf3+ 18. Bxf3 Nf6 19. Bc5 Bxc5 20. Rxc5 Be6
21. Qd4 b6 22. Rc3 Rac8 23. Rfc1 Rc4 24. Qd3 Rfc8 25. b3 R4c5 26. Qe3 Rxc3 27.
Rxc3 Rxc3 28. Qxc3 Qd7 29. h3 Qd6 30. Ne2 Kf8 31. Nd4 Bd7 32. b4 Ne8 33. b5 Qc5
34. Qe3 Nf6 35. a4 Qb4 36. Qe5 Qxa4 37. Qd6+ Ke8 38. Nc6 Bxc6 39. bxc6 Qc4 40.
c7 Kf7 41. Bg4 Nxg4 42. Qd7+ Kf6 43. hxg4 Qc1+ 44. Kh2 Qf4+ 45. Kh3 Qxf2 46.
Qf5+ 1-0

[Event "XII Festival A"]
[Site "Amantea ITA"]
[Date "2014.09.12"]
[Round "7"]
[White "Valsecchi, Alessio"]
[Black "Sardo, Gabriele"]
[WhiteElo "2438"]
[BlackElo "2229"]
[Result "1-0"]
[PlyCount "39"]
[EventDate "2014.09.07"]

1. e4 c5 2. Nf3 e6 3. d4 cxd4 4. Nxd4 Nc6 5. Nc3 Qc7 6. Be3 a6 7. Be2 Nf6 8.
O-O b5 9. a3 Bb7 10. f4 Bc5 11. b4 Bxd4 12. Bxd4 Nxd4 13. Qxd4 Rc8 14. Rf3 e5
15. fxe5 Ng4 16. Rxf7 Kxf7 17. Rf1+ Nf6 18. Bh5+ Kg8 19. exf6 d6 20. Nd5 1-0

[Event "XII Festival A"]
[Site "Amantea ITA"]
[Date "2014.09.12"]
[Round "7"]
[White "Vovk, Andrey"]
[Black "Sharma, Dinesh K."]
[WhiteElo "2625"]
[BlackElo "2359"]
[Result "1-0"]
[PlyCount "115"]
[EventDate "2014.09.07"]

1. e4 e6 2. d4 d5 3. Nd2 Be7 4. e5 c5 5. Qg4 Kf8 6. dxc5 Nd7 7. Ngf3 h5 8. Qd4
Bxc5 9. Qf4 Qc7 10. Bd3 Be7 11. O-O Nh6 12. Nb3 Ng4 13. Re1 Ndxe5 14. Nxe5 Bd6
15. Ng6+ Kg8 16. Qg5 fxg6 17. h3 Ne5 18. Nd4 Nxd3 19. cxd3 Qf7 20. Nf3 Bd7 21.
Bd2 Be7 22. Qe3 Bf6 23. Bc3 Kh7 24. Be5 Rhc8 25. Nd4 g5 26. Qg3 Be7 27. Nf3 Qf5
28. Re3 Qg6 29. Bd4 Bf6 30. Ne5 Qe8 31. Rae1 Rc2 32. Nf3 Qg6 33. Qd6 Qf7 34.
Ne5 Bxe5 35. Rxe5 Rc6 36. Qb4 b6 37. Rxg5 g6 38. Rg3 Qf8 39. Qd2 Qe7 40. Qe3
Rac8 41. Bc3 e5 42. Bxe5 Re6 43. Qd4 Qc5 44. Qf4 Rf8 45. Qd2 d4 46. f4 Bc6 47.
Rc1 Qd5 48. Rc4 Rf7 49. b3 Rd7 50. Rxd4 Qc5 51. b4 Qb5 52. Rxd7+ Bxd7 53. Qc3
Qc6 54. Qd4 Re7 55. Qb2 Re8 56. Kh2 Bf5 57. Re3 Qd5 58. Bh8 1-0

[Event "XII Festival A"]
[Site "Amantea ITA"]
[Date "2014.09.13"]
[Round "8"]
[White "Bove, Alessandro"]
[Black "Drasko, Milan"]
[WhiteElo "2302"]
[BlackElo "2434"]
[Result "0-1"]
[PlyCount "106"]
[EventDate "2014.09.07"]

1. e4 e6 2. d4 d5 3. Nd2 Nc6 4. Ngf3 Nf6 5. e5 Nd7 6. Nb3 a5 7. a4 b6 8. h4 h6
9. h5 Bb7 10. Rh3 Qc8 11. Bf4 Ba6 12. c3 Bxf1 13. Kxf1 Qa6+ 14. Kg1 b5 15. Nbd2
Nb6 16. axb5 Qxb5 17. b3 a4 18. bxa4 Rxa4 19. Rb1 Qa6 20. Rg3 Ra3 21. Ne1 Qa4
22. Qxa4 Nxa4 23. Rb3 Rxb3 24. Nxb3 Be7 25. Bd2 Kf8 26. Nd3 Kg8 27. Rf3 Bg5 28.
Nb4 Na7 29. Rg3 Bxd2 30. Nxd2 Nb5 31. c4 dxc4 32. Nxc4 Nxd4 33. Ra3 Nc3 34. Na6
Nd5 35. Ne3 c6 36. Nxd5 cxd5 37. Ra4 Ne2+ 38. Kf1 Nc3 39. Ra3 Ne4 40. f3 Ng3+
41. Kf2 Nxh5 42. Nc5 Kh7 43. Ra7 Rc8 44. g4 Nf4 45. Ke3 Rxc5 46. Kxf4 g5+ 47.
Ke3 Rc3+ 48. Ke2 Kg6 49. Rd7 Rc4 50. Ke3 Kg7 51. Kd3 h5 52. gxh5 Rh4 53. Ke3
Rxh5 0-1

[Event "XII Festival A"]
[Site "Amantea ITA"]
[Date "2014.09.13"]
[Round "8"]
[White "Bruno, Fabio"]
[Black "Collutiis, Duilio"]
[WhiteElo "2436"]
[BlackElo "2476"]
[Result "0-1"]
[PlyCount "150"]
[EventDate "2014.09.07"]

1. Nf3 d5 2. d4 Nf6 3. c4 c6 4. e3 Bg4 5. h3 Bh5 6. Nc3 e6 7. g4 Bg6 8. Ne5
Nfd7 9. Nxg6 hxg6 10. Qf3 Nf6 11. a3 dxc4 12. Bxc4 Nbd7 13. Bd2 Be7 14. Ba2 Nb6
15. O-O-O Nfd7 16. Kb1 Nf8 17. h4 Rxh4 18. Rxh4 Bxh4 19. Rh1 Nd5 20. Ne4 Be7
21. Rh8 Qb6 22. Nc5 a5 23. e4 Nf6 24. Be3 Qb5 25. a4 Qf1+ 26. Kc2 Bxc5 27. Rh1
Qa6 28. dxc5 O-O-O 29. Bf4 g5 30. Bd6 Ng6 31. Re1 Nf4 32. Kc3 Rxd6 33. cxd6 Qb6
34. Kc2 Qc5+ 35. Kb1 Nd7 36. Qc3 Qxc3 37. bxc3 Ne5 38. Rh1 Kd7 39. Bb3 Kxd6 40.
Bd1 g6 41. Kc2 Nfd3 42. f3 Nc5 43. Be2 Nxa4 44. Ra1 b5 45. Ra2 Kc5 46. Ra1 Kb6
47. Rd1 Nc5 48. Rd8 Ncd7 49. Kb3 Nc5+ 50. Ka3 Nb7 51. Rb8 Kc7 52. Ra8 Nd6 53.
Kb3 Kb6 54. Rb8+ Kc5 55. Ra8 a4+ 56. Kc2 Ndc4 57. Ra7 Kb6 58. Re7 Nd6 59. Kb2
c5 60. Ka3 Ndc4+ 61. Ka2 b4 62. cxb4 cxb4 63. Bxc4 Nxc4 64. Rxf7 b3+ 65. Ka1 a3
66. Rd7 Kc5 67. Kb1 Kb4 68. Rd3 Ne5 69. Re3 Kc4 70. Ka1 Nd3 71. e5 Kc3 72. Kb1
Kd2 73. Re4 a2+ 74. Ka1 Ne1 75. Kb2 Nc2 0-1

[Event "XII Festival A"]
[Site "Amantea ITA"]
[Date "2014.09.13"]
[Round "8"]
[White "David, Alberto"]
[Black "Horvath, Jozsef"]
[WhiteElo "2548"]
[BlackElo "2514"]
[Result "1/2-1/2"]
[PlyCount "35"]
[EventDate "2014.09.07"]

1. e4 d5 2. exd5 Qxd5 3. Nc3 Qd6 4. d4 g6 5. Bc4 Bg7 6. Nge2 Nf6 7. Bf4 Qd7 8.
O-O O-O 9. Qd3 a6 10. Qf3 Nc6 11. Rad1 b5 12. Bd3 Bb7 13. Ne4 Nxe4 14. Bxe4 f5
15. Bd3 e5 16. dxe5 Qf7 17. Qg3 Rae8 18. a4 1/2-1/2

[Event "XII Festival A"]
[Site "Amantea ITA"]
[Date "2014.09.13"]
[Round "8"]
[White "Horvath, Csaba"]
[Black "Farago, Ivan"]
[WhiteElo "2537"]
[BlackElo "2428"]
[Result "1/2-1/2"]
[PlyCount "33"]
[EventDate "2014.09.07"]

1. d4 Nf6 2. c4 e6 3. Nf3 d5 4. e3 b6 5. Nc3 Bb7 6. cxd5 exd5 7. Bb5+ c6 8. Bd3
Be7 9. Ne5 O-O 10. O-O c5 11. b3 Nc6 12. Bb2 cxd4 13. Nxc6 Bxc6 14. exd4 Qd7
15. Rc1 Bd6 16. Qf3 Rfe8 17. Rfe1 1/2-1/2